000 00902nam0a22002771 4500
001 RU\NLR\A1SV\129796
005 20251203171251.9
035 _a(NLR Aleph) 010520561
090 _a10212353
_c10212353
100 _a20141017d1922 u y0rusy50 ca
101 0 _arus
102 _aRU
200 1 _aОчерки по истории Пензенского края
_eС этногр., 2 ист. карт. Пензен. края и планом г. Пензы XVIII в.
_fА.Хвощев
210 _a[Пенза]
_cГос. изд-во. Пензен. отд-ние
_d1922
215 _aVIII, 150 с., 2 л. карт.
_d18 см
320 _aБиблиогр.: с.3-5
620 _dПенза
700 1 _aХвощев
_bА.
801 0 _aRU
_bNLR
_c20141017
852 _aNLR
_j129/4547
852 _aNLR
_jМф К1/355
899 _aРГБ
942 _cBOOK
980 _aNB
980 _aA1SV